000 00289nam a22001337a 4500
008 170201b xxu||||| |||| 00| 0 eng d
020 _a9780306452406
041 _aeng
080 _a61
100 _a3
101 _aSHM
245 _aTEXBOOK OF HEALTHCARE ETHICS
_cLOEWY
942 _2udc
_cBK
999 _c4230
_d4230